000
00347pam a2200157a 44500
008
230515b1973 xxu||||| |||| 00| 0 eng d
020
_a
NULL
041
_a
ENGLISH
082
_a
N.D.
100
_a
Torsomm
245
_a
Specificaion For Go & No. Go Snap
250
_a
0
260
_a
NULL
_b
Indian Std.
_c
1973
300
_a
4
650
_a
NULL
999
_c
574386
_d
574386